000 02413nam a2200241Ia 4500
999 _c37533
_d37533
001 3497
003 GE_BSU
005 20190619183412.0
008 181216s2011||||ge |||||||||||||| ||geo||
040 _cGE_BSU
041 _ageo
080 _a81(479.22)(063)+37(479.22)(063) ს–36
245 _aსახელმწიფო ენის სწავლების საკითხები, პრობლემები და გამოწვევები /
_cკონფერენც. ორგანიზატორი : ივანე ჯავახიშვილის სახელობის თბილისის სახელმწიფო უნივერსიტეტი; პარტნიორები და მხარდამჭერები : საქართველოს განათლებისა და მეცნიერების სამინისტრო; შოთა რუსთაველის სახელმწიფო უნივერსიტეტი, სამოქალაქო ინტეგრაციისა და ეროვნებათშორისი ურთიერთობების ცენტრი; ფინანსური მხარდაჭერა : შოთა რუსთაველის ეროვნული სამეცნიერო ფონდი.
264 _aბათუმი,
_b2011.
300 _a185 გვ. ;
_b26 სმ.
653 _aსახელმწიფო ენის სწავლების საკითხები.
653 _aკონფერენციის მასალები
710 _aივანე ჯავახიშვილის სახელობის თბილისის სახელმწიფო უნივერსიტეტი
_92623
710 _aსაქართველოს განათლებისა და მეცნიერების სამინისტრო
_91898
710 _aშოთა რუსთაველის სახელმწიფო უნივერსიტეტი
_92624
710 _aსამოქალაქო ინტეგრაციისა და ეროვნებათშორისი ურთიერთობების ცენტრი
_92625
942 _cBK
_2udc